Programové vybavení zemědělského podniku

Bibliographic Details
Main Author: Synek, Stanislav (Author)
Format: Article
Language:Czech
PhysicalDescription:Obr. 2.
Subjects:

MARC

LEADER 00000nab a2200000 a 4500
001 vtls000324120
003 SK-MaSNL
005 20260303223850.0
008 230217c1988 xo 0 cze
015 |a SNBRB19rr/mm-uuuuu 
035 |a CL0324242 
035 |a urn:nbn:sk:snk-ab2q1o 
035 |a (urnnbn)urn:nbn:sk:snk:ar-a02qxo 
035 |a (uuid)fd2de3de-9fd8-4b0c-bc5c-7d7e1d917582 
040 |a SNKBUCL  |b slo  |c SNKBUCL  |e AACR2 
041 0 |a cze 
044 |a xo  |c SK 
080 |a 631.171:681.3  |2 1981 
080 |a 681.3  |2 1981 
080 |a 631.171  |2 1981 
100 1 |a Synek, Stanislav  |4 aut  |9 637225 
245 1 0 |a Programové vybavení zemědělského podniku  |c Stanislav Synek 
300 |b Obr. 2. 
650 0 7 |a poľnohospodárske podniky  |2 snkbucl  |9 4194 
650 0 7 |a výpočtová technika  |2 snkbucl  |9 1126 
655 7 |a články z novín a časopisov  |2 snkbucl  |9 267496 
773 0 |t Ekonomika poľnohospodárstva  |g Roč. 27, č. 6 (1988), s. 274-275 
850 |a Slovenská národná knižnica v Martine  |a MTA001 
852 |a SNK  |b KIS3GCP 
954 |a odborná, vedecká literatúra cudzojazyčná (svetová)  |2 lita 
958 |a RK 
958 |a CZ 
958 |a OND 
958 |a EUIPO 
958 |a article27 
992 |a RBX 
999 |c 2249608  |d 2251538